000 00920nam a2200229 i 4500
001 61557
003 ES-MaACL
007 t|
008 031112s1981 sp ||||1| cat d
100 1 _aEximenis, Francesc.
_948424
245 1 3 _aLo libre de les dones /
_cFrancesc Eximenis ; edició crítica a cura de Frank Naccarato ; sota la direcció de Joan Coromines ; introducció i apéndix de Curt Wittlin ; glossari a cura d'Agust Bover i Font.
260 _aBarcelona :
_bUniversitat de Barcelona, Departament de Filologia Catalana,
_c1981.
300 _a2 v. ;
_c22 cm.
490 1 _aBiblioteca Torres Amat ;
_v9,10
700 1 _aNaccarato, Frank.
_984777
700 1 _aCoromines, Joan,
_d1905-1997
_940667
700 1 _aWittlin, Curt.
_9117192
700 1 _aBover i Font, August.
_931122
830 0 _aBiblioteca Torres Amat ;
_v9,10
_9230601
852 _aES-MaACL
_jL-6958-9
_bR.107927
999 _c61557
_d61557